Sports Quiz

Random Sports or City Quiz

Kansas City Royals all-time hits leaders Quiz Stats

 Plays Quiz not verified by Sporcle

Support Sporcle.
Go Orange.
Score 0/100 Timer 10:00
0 Plays Today
Hits % Correct
3154George Brett
98.3%
2006Frank White
94.9%
1968Willie Wilson
88.9%
1924Hal McRae
86.1%
627Brian McRae
85.2%
1977Amos Otis
84.9%
899Carlos Beltran
83.5%
1398Mike Sweeney
83.2%
894Johnny Damon
81.3%
460Bo Jackson
77.8%
816John Mayberry
75%
1036Freddie Patek
73.6%
584Jermaine Dye
73.3%
514Darrell Porter
73%
590Billy Butler
72.2%
459Steve Balboni
71.9%
303Lonnie Smith
71%
352Alex Gordon
70.7%
809Kevin Seitzer
67.3%
674Danny Tartabull
63.4%
971David DeJesus
62.2%
625U L Washington
62.2%
717Mike Macfarlane
59.9%
1084Joe Randa
59.4%
734Lou Piniella
57.1%
656John Wathan
57.1%
824Cookie Rojas
55.7%
499Willie Aikens
55.7%
450John Buck
55.4%
606Angel Berroa
55.1%
274Jeff King
54.5%
784Al Cowens
54.3%
179Neifi Perez
54%
401Emil Brown
52.3%
Hits % Correct
300Gary Gaetti
51.7%
190Dee Brown
51.4%
216Buck Martinez
50.6%
167Jay Bell
50.6%
556Wally Joyner
49.7%
667Mark Teahen
48.9%
327Jose Guillen
48%
179Tony Pena
47.2%
414Carlos Febles
46.9%
399Mark Grudzielanek
46%
195Bob Hamelin
43.2%
181Jim Sundberg
42.9%
211Dean Palmer
41.2%
398Rey Sanchez
40.6%
336Jamie Quirk
40.3%
464Kurt Stillwell
40.1%
358Greg Gagne
38.9%
403Raul Ibanez
38.4%
483Brent Mayne
38.1%
322Darryl Motley
37.5%
248Onix Concepcion
37.2%
287Mike Aviles
36.9%
487Jose Offerman
35.8%
302Jorge Orta
35.8%
178Kevin McReynolds
35.5%
175Miguel Olivo
34.9%
273Ken Harvey
34.4%
273Pat Sheridan
34.4%
386Tom Goodwin
33.5%
525Paul Schaal
33.2%
307Mark Quinn
33%
354Michael Tucker
31.5%
167Jackie Hernandez
31.5%
189Vince Coleman
30.4%
Hits % Correct
300Clint Hurdle
30.1%
203Yuniesky Betancourt
30.1%
211Jose Lind
29.5%
198Ross Gload
29.5%
555Jim Eisenreich
29.3%
320David Howard
29.3%
209Mitch Maier
28.4%
203Bip Roberts
28.1%
367Bob Oliver
27%
306Pete LaCock
26.7%
285Matt Stairs
26.7%
275Bill Pecota
25.9%
334Alberto Callaspo
24.7%
471Ed Kirkpatrick
24.4%
247Pat Tabler
24.1%
218Aaron Guiel
23.6%
181Greg Pryor
23.6%
241Felix Jose
22.7%
169Craig Paquette
22.7%
206Keith Lockhart
20.5%
211Desi Relaford
18.2%
172Gregg Jeffries
17.3%
226Don Slaught
17%
189Tony Graffanino
16.5%
201Joey Gathright
16.2%
191Joe Keough
16.2%
236Esteban German
15.6%
268Tom Poquette
13.6%
216Pat Kelly
12.8%
183Vada Pinson
12.8%
244Fran Healy
11.6%
334Jim Wohlford
11.4%

You're not logged in!

Compare scores with friends on all Sporcle quizzes.
OR
Log In

From the Vault

Complete the 5-Letter Word II

by Purple_Parrot

These words just seem to be missing something.
Remove Ads.
Support Sporcle.
Get the best of Sporcle when you Go Orange. This ad-free experience offers more features, more stats, and more fun while also helping to support Sporcle. Thank you for becoming a member.

Show Comments

Extras

Created Feb 15, 2011ReportNominate
Tags:City Quiz, hit, Kansas City, Royal

Top Quizzes Today


Score Distribution

Your Account Isn't Verified!

In order to create a playlist on Sporcle, you need to verify the email address you used during registration. Go to your Sporcle Settings to finish the process.

Report this User

Report this user for behavior that violates our Community Guidelines.

Details: